000
00307nam a22001457a 4500
003
SGT
020
_a
9781633228900
082
_a
741.5
_b
PRE
100
_a
PRESTON BLAIR
245
_a
CARTOON ANIMATION
260
_a
CHINA
_b
WOTER PUB
_c
2020
300
_a
128
650
_a
ANIMATION
942
_2
ddc
_c
BK
999
_c
34502
_d
34502